UM Logo

Foods and nutrition I : (Record no. 20001)

MARC details
000 -LEADER
fixed length control field 00580nam a22001697a 4500
008 - FIXED-LENGTH DATA ELEMENTS--GENERAL INFORMATION
fixed length control field 240403b ||||| |||| 00| 0 eng d
082 ## - DEWEY DECIMAL CLASSIFICATION NUMBER
Classification number DFil 641.3
Item number C13 1988
100 ## - MAIN ENTRY--PERSONAL NAME
Personal name Calma, Ursula E.
9 (RLIN) 55994
245 ## - TITLE STATEMENT
Title Foods and nutrition I :
Remainder of title home economics /
Statement of responsibility, etc. Ursula E. Calma and Marissa E Del Rosario.
250 ## - EDITION STATEMENT
Edition statement Revised edition.
260 ## - PUBLICATION, DISTRIBUTION, ETC. (IMPRINT)
Place of publication, distribution, etc. Manila :
Name of publisher, distributor, etc. Philippine Book Company,
Date of publication, distribution, etc. ©1988.
300 ## - PHYSICAL DESCRIPTION
Extent 126 pages :
Other physical details illustrations ;
Dimensions 21 cm.
650 ## - SUBJECT ADDED ENTRY--TOPICAL TERM
Topical term or geographic name as entry element Food.
9 (RLIN) 56436
650 ## - SUBJECT ADDED ENTRY--TOPICAL TERM
Topical term or geographic name as entry element Nutrition.
9 (RLIN) 56437
700 ## - ADDED ENTRY--PERSONAL NAME
Personal name Del Rosario, Marissa E.
Relator term author.
9 (RLIN) 55995
942 ## - ADDED ENTRY ELEMENTS (KOHA)
Source of classification or shelving scheme Dewey Decimal Classification
Koha item type Filipiniana
Holdings
Withdrawn status Lost status Source of classification or shelving scheme Damaged status Not for loan Collection code Home library Current library Date acquired Source of acquisition Total Checkouts Full call number Barcode Date last seen Copy number Price effective from Koha item type
    Dewey Decimal Classification     Filipiniana UM Digos College - LIC UM Digos College - LIC 04/03/2024 Purchased   DFil 641.3 C13 1988 12999 05/15/2025 4 04/03/2024 Filipiniana
    Dewey Decimal Classification     Filipiniana UM Digos College - LIC UM Digos College - LIC 04/03/2024 Purchased   DFil 641.3 C13 1988 12998 05/15/2025 3 04/03/2024 Filipiniana
    Dewey Decimal Classification     Filipiniana UM Digos College - LIC UM Digos College - LIC 04/03/2024 Purchased   DFil 641.3 C13 1988 13001 05/15/2025 6 04/03/2024 Filipiniana
    Dewey Decimal Classification     Filipiniana UM Digos College - LIC UM Digos College - LIC 04/03/2024 Purchased   DFil 641.3 C13 1988 12996 05/15/2025 1 04/03/2024 Filipiniana